| 000 | 00353nam a2200145Ia 4500 | ||
|---|---|---|---|
| 008 | 230917s9999||||xx |||||||||||||| ||und|| | ||
| 040 |
_e5011984 _aMAIN |
||
| 041 | _aEnglish | ||
| 082 | _a820.09 T329P | ||
| 100 | _aGulab | ||
| 245 | 0 | _aProblematising history: A study of Shashi Tharoor`s works | |
| 260 | _c2022 | ||
| 300 | _av, 218 p. | ||
| 942 | _cBK | ||
| 999 |
_c10274 _d10274 |
||